| 000 | 00657nam a2200229Ia 4500 | ||
|---|---|---|---|
| 003 | OSt | ||
| 005 | 20220926022749.0 | ||
| 006 | a|||||r|||| 00| 0 | ||
| 007 | ta | ||
| 008 | 220923b |||||||| |||| 00| 0 eng d | ||
| 037 | _cGeneral Book | ||
| 040 |
_aRTL _cRTL _beng |
||
| 041 |
_2eng _aeng |
||
| 082 | _aX:8:(S:44), M0 | ||
| 100 | _aSouder Wm E. | ||
| 245 | 0 | _aManagement decision methods for managers of engine | |
| 260 |
_aNew York _bVan Nostrand Reinhold U. S. A. _c1980 |
||
| 300 |
_axii, 317p. _ccm. |
||
| 650 |
_aManagement-Behavior _9234468 |
||
| 942 |
_hX:8:(S:44), M0 _cGB _2CC |
||
| 999 |
_c640232 _d640232 |
||